Who really killed Cock Robin? (Record no. 961)

MARC details
000 -LEADER
fixed length control field 00985nam a22002897a 4500
005 - DATE AND TIME OF LATEST TRANSACTION
control field 20230804154157.0
020 ## - INTERNATIONAL STANDARD BOOK NUMBER
International Standard Book Number 0525427007
040 ## - CATALOGING SOURCE
Original cataloging agency DLC
Transcribing agency DLC
Modifying agency DLC
Language of cataloging eng
050 00 - LIBRARY OF CONGRESS CALL NUMBER
Classification number PZ7.G2933
Item number Wh
082 00 - DEWEY DECIMAL CLASSIFICATION NUMBER
Classification number 813.54
100 1# - MAIN ENTRY--PERSONAL NAME
Personal name George, Jean Craighead,
Dates associated with a name 1919-2012.
245 10 - TITLE STATEMENT
Title Who really killed Cock Robin?
Statement of responsibility, etc. Jean Craighead George
250 ## - EDITION STATEMENT
Edition statement First Harper Trophy edition, 1992.
260 ## - PUBLICATION, DISTRIBUTION, ETC.
Place of publication, distribution, etc. New York :
Name of publisher, distributor, etc. Harper Trophy,
Date of publication, distribution, etc. 1992.
300 ## - PHYSICAL DESCRIPTION
Extent 191 pages :
Other physical details a map ;
Dimensions 20 cm.
490 ## - SERIES STATEMENT
Series statement An ecomystery
505 ## - FORMATTED CONTENTS NOTE
Formatted contents note U <br/>
520 ## - SUMMARY, ETC.
Summary, etc. Two ecology-conscious children try to trace the imbalances in the environment that might have caused the death of the town's best-known robin.
521 ## - TARGET AUDIENCE NOTE
Target audience note 830 <br/>
Source Lexile <br/>
521 ## - TARGET AUDIENCE NOTE
Target audience note U <br/>
Source Raz-Plus <br/>
650 #1 - SUBJECT ADDED ENTRY--TOPICAL TERM
Topical term or geographic name entry element Ecology
General subdivision Fiction.
650 #1 - SUBJECT ADDED ENTRY--TOPICAL TERM
Topical term or geographic name entry element Environmental protection
General subdivision Fiction.
906 ## - LOCAL DATA ELEMENT F, LDF (RLIN)
a 7
b cbc
c orignew
d 2
e ncip
f 19
g y-gencatlg
942 ## - ADDED ENTRY ELEMENTS (KOHA)
Source of classification or shelving scheme Dewey Decimal Classification
Koha item type Books
Suppress in OPAC No
999 ## -
-- 961
-- 961
Holdings
Withdrawn status Lost status Source of classification or shelving scheme Damaged status Not for loan Collection Home library Current library Shelving location Date acquired Total Checkouts Full call number Barcode Date last seen Price effective from Koha item type
    Dewey Decimal Classification     Fiction Footprints International School Library Network Toul Kork Campus Footprints International School Library Network Toul Kork Campus A TK Campus, 4th Floor, Room B401, Fiction Bookcases (1-6) 07/17/2023   GEO Fic 813.54 PZ7.G2933 FISTK00066 07/17/2023 07/17/2023 Books